000 00646nam a2200217Ia 4500
008 140321s9999 xx 000 0 und d
020 _a9781412990547
050 _aHM 621
_b.G889 2013
100 _aGriswold, Wendy
245 _aCultures and societies in a changing world /
_cWendy Griswold.
250 _a4th ed.
260 _aCalifornia :
_bSage Publications,
_cc2013.
300 _a208 p. :
_bill. ;
_c24 cm.
440 _a(Sociology for a new century series).
500 _aIncludes bibliographical references and index.
521 _aEDUC
650 _aCulture.
650 _aSocial change.
942 _kFOR
_cBK
999 _c48527
_d48527